00532nam a2200157 a 450000100100000000500170001000800410002704000250006808200140009324500250010726000610013230000270019359000250022095201120024599900170035700004734520201002060507.0180507s1979 dr a 000 spa d aDO-SdBNPbspacBNPHU axxxbE192 0aEcos del pinar 1979. aSanto Domingo :aAsociación Central Dominicana,c1979. a108 p. :bil ;c32 cm. aInventariado,2018/DG 0010718PDaPDbPDcHDd2018-05-07iLF1l0oxxx E192p47345-10r2020-06-25w2020-06-25yLFPDZNo se presta c46833d46833